Personal remarks (Record no. 67233)

MARC details
000 -LEADER
fixed length control field 01293cam a2200241 4500
001 - CONTROL NUMBER
control field ABS64013
008 - FIXED-LENGTH DATA ELEMENTS--GENERAL INFORMATION
fixed length control field 000000n2001 000 0 eng u
035 ## - SYSTEM CONTROL NUMBER
System control number (Sirsi) u112945
100 ## - MAIN ENTRY--PERSONAL NAME
Personal name Conway, K
245 ## - TITLE STATEMENT
Title Personal remarks
260 ## - PUBLICATION, DISTRIBUTION, ETC.
Date of publication, distribution, etc. 2001
490 ## - SERIES STATEMENT
Series statement Estates Gazette
Volume/sequential designation (0121) 26 May 2001 162(1)
520 ## - SUMMARY, ETC.
Summary, etc. In the recent case of "BHP Petroleum Ltd v Chesterfield Properties Ltd", it was found that statutory releases do not apply to personal convenants. Article examines the consequences of this decision for landlords and tenants, the key one being that personal obligations continue to bind the person who undertook them, even if they no longer hold the reversion. When applied to personal covenants given by tenants, the "BHP" case infers that original tenant liability can be recreated. Concludes that the "BHP" case does not clarify exactly what a personal covenant is, and it may be necessary for the courts to take another look.
590 ## - LOCAL NOTE (RLIN)
Local note ABS
650 ## - SUBJECT ADDED ENTRY--TOPICAL TERM
Topical term or geographic name entry element LEASES
650 ## - SUBJECT ADDED ENTRY--TOPICAL TERM
Topical term or geographic name entry element PERSONAL COVENANTS
650 ## - SUBJECT ADDED ENTRY--TOPICAL TERM
Topical term or geographic name entry element STATUTORY RELEASE PROVISIONS
650 ## - SUBJECT ADDED ENTRY--TOPICAL TERM
Topical term or geographic name entry element LIABILITY
650 ## - SUBJECT ADDED ENTRY--TOPICAL TERM
Topical term or geographic name entry element LANDLORD AND TENANT (COVENANTS) ACT 1995
650 ## - SUBJECT ADDED ENTRY--TOPICAL TERM
Topical term or geographic name entry element BHP PETROLEUM GREAT BRITAIN LTD V CHESTERFIELD PROPERTIES LTD
690 ## - LOCAL SUBJECT ADDED ENTRY--TOPICAL TERM (OCLC, RLIN)
Topical term or geographic name as entry element LANDLORD AND TENANT-LEASES
942 ## - ADDED ENTRY ELEMENTS (KOHA)
Suppress in OPAC 0
Holdings
Withdrawn status Lost status Source of classification or shelving scheme Damaged status Not for loan Home library Current library Shelving location Date acquired Total Checkouts Full call number Barcode Date last seen Copy number Price effective from Koha item type
    Dewey Decimal Classification     London London Journal article 05/06/2001   ABS64013 112945-1001 06/08/2019 1 06/08/2019 Journal article